000 00350nam a22001337a 4500
005 20250614110317.0
008 250614b |||||||| |||| 00| 0 eng d
020 _a9780310229117
050 _aBS425
_bCRU
245 _aCRUDEN'S HANDY CONCORDANCE TO THE BIBLE
260 _aMICHIGAN
_bZONDERVAN PUBLISHING HOUSE
300 _a235p
942 _2lcc
_cBK
_n0
999 _c6469
_d6469